000 00736nam a2200217Ia 4500
999 _c41932
_d41932
001 8616
003 GE_BSU
005 20240527152417.0
008 181216s2012||||ge |||||||||||||| ||geo||
020 _a9789941419218
040 _cGE_BSU
041 _ageo
080 _a811.161.1-8(075.4) გ-65
100 _aგოლეთიანი, გ.
_922191
245 _aრუსული ენის თვითმასწავლებელი /
_cგ. გოლეთიანი.
264 _aთბილისი :
_bცის ნამი,
_c2012.
300 _a287 გვ. ;
_c29 სმ.
541 _h8 ლ
653 _aრუსული ენის თვითმასწავლებელი
942 _cBK
_2udc